| 000 | 00947nam a22002177a 4500 | ||
|---|---|---|---|
| 999 |
_c5633 _d5633 |
||
| 003 | AR-CdUCM | ||
| 008 | 190313b ||||| |||| 00| 0 spa d | ||
| 040 |
_aMUNICIPALIDAD PROVINCIAL DEL CUSCO _cBIBLIOTECA MUNICIPAL DEL CUSCO |
||
| 082 |
_a947.08 / _bS48 |
||
| 100 |
_aSúslov, A. M. _916832 |
||
| 245 | _aFieles a los legados del gran Lenin / | ||
| 260 |
_aMoscú : _bAgencia de prensa Novosti, _c1975. |
||
| 300 |
_a31 páginas ; _c16 cm. |
||
| 500 | _aDonación familia Nieto. Informe sobre el acto solemne dedicado al 105 aniversario del natalicio de V. I. Lenin | ||
| 505 | _aContenido: El pueblo sovietico va por el justo camino leninista -- El leninismo, poderosa fuerza en la lucha por la paz y el progreso social -- El partido leninista es la vanguardia combativa del pueblo sovietico -- | ||
| 650 |
_aPolitica _9291 |
||
| 650 |
_aDinamismo - Economía _916833 |
||
| 650 |
_aCapitalismo _93221 |
||
| 942 |
_2ddc _cLIBROS |
||
| 945 | _aafb | ||